| 000 | 01652nam a22003377i 4500 | ||
|---|---|---|---|
| 003 | DO-SdBNP | ||
| 005 | 20251014175549.0 | ||
| 007 | ta | ||
| 008 | 240408b2016 dr a|||| |||| 00| j spa d | ||
| 020 | _a9789993467984 | ||
| 040 |
_aDO-SdBNP _bspa _cBNPHU _erda |
||
| 041 | _aspa | ||
| 082 | 4 |
_aRD863.44 _bA445f _222 |
|
| 100 | 1 |
_aAlmánzar Rodríguez, Armando, _d1935- _eautor _4aut. _919523 |
|
| 245 | 1 | 0 |
_aFichas de identidad : _bcuentos / _cArmando Almánzar R. ; ilustraciones, Miguel Cepeda ; Diseño y arte final, Ninón León de Saleme ; corrección de pruebas, Lina Cordero, Juan Freddy Armando ; presentación, Enrique Ramírez Paniagua ; prólogo, Luis Martín Gómez. |
| 264 | 1 |
_aSanto Domingo, República Dominicana _bImpresión Amigo del Hogar, _bBanreservas, _c2016. |
|
| 300 |
_a 138 páginas : _blustraciones, _c27 cm. |
||
| 336 |
_atexto _btxt _2rdacontent |
||
| 337 |
_asin mediación _bn _2rdamedia |
||
| 338 |
_avolumen _bnc _2rdacarrier |
||
| 500 | _aIncluye datos biográficos del autor en las solapas | ||
| 505 | _aPresentación, 13. Prólogo, 15 Cuentos, 19. Rutina, 31. Correos, 37. Desaparecido, 42. Mercí, 61. Príncipe, 63. Esperar, 73. Delirio, 77. Amadeo, 85. Penthouse, 91. Maquinación, 99. Génesis, 105. Pío, 111. Locación, 117. Ambición, 127 | ||
| 590 | _aInventariado, 2024 /LP | ||
| 650 | 4 |
_aCuentos dominicanos _9176 |
|
| 650 | 4 |
_aLiteratura dominicana. _967 |
|
| 700 | 1 |
_aCepeda, Miguel, _eilustrador _4il. _91255 |
|
| 700 | 1 |
_aCordero, Lina, _ecorrector _4co. _985157 |
|
| 700 | 1 |
_aArmando, Juan Freddy, _d1951- _ecorrector _4co. _922233 |
|
| 910 | _aLP. Validado control de calidad/MAA | ||
| 942 |
_2ddc _cLBS1 |
||
| 999 |
_c56286 _d56286 |
||